Vzorové technologické karty pre rastlinnú výrobu a ich využitie v podnikovej praxi

Bibliographic Details
Format: Book
Language:Slovak
PhysicalDescription:415 s. tab. 29 cm
Published: Bratislava Príroda 1978
Edition:1. vyd.
Series:Edícia Ministerstva poľnohospodárstva a výživy SSR
Subjects:

MARC

LEADER 00000cam a2200000 a 4500
001 vtls001112964
003 SK-MaSNL
005 20260301182954.0
008 180814s1978 xo 00000 slo
015 |a SNBA1978 
035 |a SNK000055807 
040 |a SNK  |b slo  |c SNK  |e AACR2 
041 0 |a slo 
044 |a xo  |c SK 
080 |a 631.5:633.1/.8+634(083.5)  |2 1981 
080 |a 633.1/.8  |2 1981 
080 |a 634(083.5)  |2 1981 
080 |a 631.5(083.5)  |2 1981 
245 0 0 |a Vzorové technologické karty pre rastlinnú výrobu a ich využitie v podnikovej praxi 
250 |a 1. vyd. 
260 |a Bratislava  |b Príroda  |c 1978 
300 |a 415 s.  |b tab.  |c 29 cm 
366 |e 3000 výtl. 
490 1 |a Edícia Ministerstva poľnohospodárstva a výživy SSR 
500 |a Nepredajné. 
650 0 7 |a rastlinná výroba  |2 SNKPH  |9 2835 
650 0 7 |a agrotechnika  |2 SNKPH  |9 680 
655 7 |a tabuľky  |2 SNKPH  |9 70234 
830 0 |a Edícia Ministerstva poľnohospodárstva a výživy SSR  |9 280211 
958 |a OND 
999 |c 855397  |d 857327 
952 |a SNK  |b SNK  |y PREZ  |7 0  |p 17A0970526  |o snkSB 26907  |i snkKSP 4608/78  |0 0  |1 0  |4 0  |d 2014-07-09  |f 1  |l 0  |r 2026-02-24 04:54:53  |w 2026-02-24